000
00215nam a2200109Ia 4500
100
_a
#N/A
942
_c
BK
654
_a
HTML 4
245
_a
HTML 4 FOR DUMMIES
260
_b
COMDEX COMPUTER PUBL.
546
_a
ENGLISH
999
_c
22336
_d
22336